000 01184cam a2200325 a 4500
001 1760
003 FISKH
005 20230928115517.0
008 980924s1999 nyua b 001 0 eng
010 _a 98046556
020 _a0516212176
040 _aDLC
_cDLC
_dDLC
_beng
042 _alcac
050 0 0 _aRK63
_b.F69 1999
082 0 0 _a591.4
_221
100 1 _aFowler, Allan.
245 1 2 _aA look at teeth /
_cby Allan Fowler ; consultants, Linda Cornwell, Jan Jenner.
260 _aNew York :
_bScholastic,
_c1999.
300 _a31 pages :
_bcolor illustrations ;
_c19 cm.
440 0 _aRookie read-about science
505 _aH
520 _aDiscusses baby teeth and permanent teeth, the importance and uses of teeth, and how they are used by different kinds of animals.
521 8 _a450
_bLexile
521 8 _aH
_bRaz-Plus
650 0 _aTeeth
_vJuvenile literature.
650 1 _aTeeth.
906 _a7
_bcbc
_corignew
_d1
_eocip
_f19
_gy-gencatlg
942 _2ddc
_cBK
_n0
999 _c1760
_d1760